Quiz das Filipinas - Statistics

Estatísticas Gerais
  • Esse quiz foi jogado 788 vezes
  • A pontuação média é 7 de 18
Estatísticas das Respostas
Dica Resposta % Correto
Capital Manila
90%
Países que ocuparam as Filipinas Japão
77%
Países que ocuparam as Filipinas Espanha
73%
Língua mais falada Filipino (Tagalo)
73%
Países que ocuparam as Filipinas Estados Unidos
71%
Esse tipo de desastre natural atingiu as Filipinas em 2013 Tufão
66%
Explorador Português que morreu nas Filipinas em 1521 Fernão de Magalhães
38%
Maiores ilhas Lução
29%
Cidade mais populosa (parte da região metropolitana acima) Cidade {Quezon}
27%
Segunda maior região metropolitana Cebu
25%
Boxeador que foi campeão mundial em oito divisões Manny Pacquiao
22%
General Americano que também foi Marechal de Campo das Filipinas Douglas MacArthur
20%
Presidente atual Bongbong Marcos
19%
Maiores ilhas Negros
16%
Maiores ilhas Mindanau
15%
Vulcão que entrou em erupção em 1991, a maior erupção em 108 anos Monte Pinatubo
13%
Colinas que se tornam marrons na estação seca Colinas do {Chocolate}
11%
Maiores ilhas Samar
10%
Nenhum quiz correspondente encontrado
Distribuição das Pontuações
Porcentagem de Pessoas com Cada Pontuação
Percentil de Números Respondidos
Sua Pontuação Histórica
Você não jogou esse quiz